000 00374 a2200169 4500
001 68900
020 _a8526249568
040 _cAnchieta - Itaigara
100 _aMachado, Nílson José
240 1 0 _aContando de um a dez
_lpor
245 1 0 _aContando de um a dez
300 _a24
362 0 _a2003
440 1 _aScipione
650 4 _aLiteratura infantil
942 _cBK
999 _c68900
_d68900